[Event "EYCC Open U16 2018"]
[Site "Riga"]
[Date "2018.08.23"]
[Round "4"]
[White "Gorshtein, Ido"]
[Black "Degraeve, Remy"]
[Result "0-1"]
[WhiteElo "2375"]
[BlackElo "2322"]
[Annotator "NA RC"]
[PlyCount "68"]
[EventDate "2018.08.20"]
[EventType "swiss"]
[EventCountry "LAT"]
[SourceTitle "playchess.com"]
[Source "ChessBase"]
[SourceQuality "1"]
[TimeControl "40/5400+30:1800+30"]

1. e4 {[%emt 0:00:00]} e5 {[%emt 0:00:00]} 2. Nf3 {[%emt 0:00:00]} Nc6 {[%emt 0:00:00]} 3. Bb5 {[%emt 0:00:00]} a6 {[%emt 0:00:00]} 4. Ba4 {[%emt 0:00:00]} Nf6 {[%emt 0:00:00]} 5. Nc3 {[%emt 0:00:00] LiveBook: 232 Games} Bb4 {[%emt 0:02:35]} 6. Nd5 {[%emt 0:02:43]} Bc5 {[%emt 0:01:17] C77: Ruy Lopez: 3...a6 4 Ba4 Nf6, unusual lines} (6... Ba5 7. O-O O-O 8. d3 h6 9. c3 b5 10. Bc2 d6 11. b4 Bb6 12. Nxb6 cxb6 13. a4 bxa4 14. Bxa4 {1-0 (44) Stevic,H (2600)-Plenca,J (2415) Zadar 2016}) 7. O-O {[%emt 0:00:40]} O-O {[%emt 0:04:26]} 8. d4 {[%emt 0:09:46]} Nxd4 {[%emt 0:09:04]} 9. Bg5 $146 {[%emt 0:01:57]} ({Predecessor:} 9. Nxd4 Nxd5 10. Nf5 Ne7 11. Bg5 f6 12. Bb3+ Kh8 13. Be3 d6 {0-1 (31) Blackburne,J-Zukertort,J Paris 1878}) 9... Nxf3+ {[%emt 0:01:47]} 10. Qxf3 {[%emt 0:00:09]} Be7 $1 {[%emt 0:00:20]} 11. Nxe7+ {[%emt 0:04:07]} Qxe7 {[%emt 0:00:06]} 12. Rad1 {[%emt 0:01:54]} d6 {[%emt 0:01:04]} 13. Qg3 {[%emt 0:08:50]} Qe6 {[%emt 0:13:14]} 14. Bb3 {[%emt 0:12:03]} Nxe4 {[%emt 0:01:42]} 15. Bxe6 {[%emt 0:00:02]} Nxg3 {[%emt 0:00:07]} 16. Bxf7+ {[%emt 0:00:07]} Rxf7 {[%emt 0:00:03]} 17. hxg3 {[%emt 0:00:02]} Be6 {[%emt 0:02:21]} 18. Rd2 {[%emt 0:00:21]} a5 {[%emt 0:02:15]} ({Worse is} 18... Bxa2 19. b3 $14) 19. a4 {[%emt 0:03:23]} h6 {[%emt 0:03:14]} 20. Be3 {[%emt 0:00:03]} g5 {[%emt 0:00:45]} 21. Re1 {[%emt 0:06:17]} Bd7 {[%emt 0:02:33]} 22. b3 {[%emt 0:00:50]} Kg7 {[%emt 0:00:45]} 23. f3 {[%emt 0:04:54]} Kg6 {[%emt 0:01:13]} 24. Kf2 {[%emt 0:03:20]} Bc6 {[%emt 0:01:02]} 25. Red1 {[%emt 0:03:56]} h5 {[%emt 0:01:24]} 26. c4 {[%emt 0:04:21]} Rh8 {[%emt 0:04:50]} 27. c5 $19 {[%emt 0:04:14]} d5 {[%emt 0:00:24]} 28. Re2 {[%emt 0:01:32]} d4 {[%emt 0:05:57]} 29. Bc1 {[%emt 0:00:06]} e4 {[%emt 0:00:53]} 30. f4 {[%emt 0:00:21]} d3 {[%emt 0:01:58]} 31. Rb2 {[%emt 0:01:35]} h4 {[%emt 0:01:30]} 32. Be3 {[%emt 0:00:02]} Rg8 {[%emt 0:11:48]} 33. Ke1 {[%emt 0:01:28]} gxf4 {[%emt 0:02:48]} 34. gxf4 {[%emt 0:00:13]} Kf5 {[%emt 0:00:08]} 0-1

[Event "EYCC Open U16 2018"]
[Site "Riga"]
[Date "2018.08.23"]
[Round "4"]
[White "Shubin, Kirill"]
[Black "Petriashvili, Nikoloz"]
[Result "0-1"]
[WhiteElo "2374"]
[BlackElo "2323"]
[Annotator "TA"]
[PlyCount "50"]
[EventDate "2018.08.20"]
[EventType "swiss"]
[EventCountry "LAT"]
[SourceTitle "playchess.com"]
[Source "ChessBase"]
[SourceQuality "1"]

{[%evp 9,50,8,0,10,0,2,15,0,0,0,5,0,0,0,0,0,10,0,0,0,-17,0,-4,-14,-15,-13,-25,-14,-34,-40,-44,-59,-24,-47,-7,-87,33,0,0,-58,-54,-96,0]} 1. e4 e5 2. Nf3 Nc6 3. Bb5 g6 4. d4 exd4 5. Nxd4 Bg7 {LiveBook: 76 Games} 6. Nf3 {C60: Ruy Lopez: Unusual Black 3rd moves and 3...g6} (6. Be3 Nf6 7. Nc3 O-O 8. f3 Nxd4 9. Bxd4 c6 10. Be2 Re8 11. O-O d5 12. exd5 Nxd5 13. Bxg7 Kxg7 14. Nxd5 cxd5 15. Qd4+ Qf6 16. Qxf6+ Kxf6 {1-0 (55) Bacrot,E (2722)-Pavasovic,D (2540) chess.com INT 2018}) 6... Nge7 7. Nc3 d6 $146 ({Predecessor:} 7... O-O 8. O-O a6 9. Ba4 d6 10. Bf4 Ne5 11. Nxe5 Bxe5 12. Bh6 Bg7 13. Bxg7 Kxg7 {½-½ (80) Cigan,S (2356)-Brinovec,D (2120) Slovenia 2016}) 8. h3 {The position is equal.} O-O 9. O-O a6 10. Be2 f5 11. Bc4+ Kh8 12. exf5 Bxf5 13. Ng5 Nd4 14. Nf7+ {[#]} Rxf7 $1 {[%mdl 512]} 15. Bxf7 Bxc2 16. Qg4 Qf8 $36 {[%mdl 2048] Black is pushing.} 17. Bb3 Bxb3 18. axb3 Nxb3 19. Ra4 Nf5 20. Rb4 Nc5 21. Rd1 b5 22. Nd5 (22. Qf3 $11 {keeps the balance.}) 22... Qf7 (22... c6 $17 23. Ne3 Nh6) 23. Ne3 {[%mdl 1024] White has compensation.} (23. Qf3 $5 {[%cal Rg2g4]}) 23... Rf8 24. Qe2 (24. Nxf5 $11 gxf5 25. Qe2) 24... Ne7 25. Rg4 Ne6 {[%mdl 32768] Precision: White = 40%, Black = 68%. . Loss on Time!?} (25... Nb3 $17 26. g3 Be5) 0-1

[Event "EYCC Open U16 2018"]
[Site "Riga"]
[Date "2018.08.23"]
[Round "4"]
[White "Szpar, Milosz"]
[Black "Barseghyan, Armen Ar"]
[Result "1/2-1/2"]
[WhiteElo "2365"]
[BlackElo "2251"]
[Annotator "TA"]
[PlyCount "55"]
[EventDate "2018.08.20"]
[EventType "swiss"]
[EventCountry "LAT"]
[SourceTitle "playchess.com"]
[Source "ChessBase"]
[SourceQuality "1"]

{[%evp 15,55,4,1,4,0,-11,0,-6,-14,-45,-44,-49,-27,-25,-27,-81,-56,-70,-62,-77,-63,-75,-84,-87,-53,-36,-45,-38,-45,-93,-88,-77,-26,-24,-33,-18,0,0,31,47,66,6]} 1. c4 Nf6 2. Nc3 e5 3. g3 d5 4. cxd5 Nxd5 5. Bg2 Nb6 6. Nf3 Nc6 7. d3 Be7 8. Be3 {A29: English Opening: Four Knights Variation with 4 g3} (8. O-O O-O 9. Be3 Be6 10. Rc1 Nd5 11. Nxd5 Bxd5 12. Qc2 Re8 13. a3 a6 14. Rfd1 Bf6 15. Nd2 Bxg2 16. Kxg2 Bg5 17. Bxg5 Qxg5 18. e3 {1-0 (57) So,W (2778)-Giri,A (2782) Leuven 2018}) 8... O-O {LiveBook: 31 Games} 9. a3 Be6 10. b4 {The position is equal.} a5 11. b5 Nd4 12. Bxd4 $146 ({Predecessor:} 12. Nd2 Nd5 13. Bxd5 Bxd5 14. f3 Be6 15. h4 Qd7 {1-0 (41) Benes,P (2049)-Friedrich,N (2318) Triesen 2014}) 12... exd4 13. Na4 Nc8 14. O-O Na7 15. Rb1 (15. Qb1 $11 {remains equal.}) 15... Bxa3 16. b6 $1 {[%cal Rb6a7]} Nc6 $36 {[%mdl 2048] Black has the initiative.} 17. Rb5 Bb4 18. bxc7 Qxc7 19. Ng5 Bd7 {Hoping for ...Nd8.} 20. Nb6 Ra6 21. Nd5 Qd8 22. Rxb7 Bc8 23. Nxb4 Nxb4 ({Black should try} 23... axb4 $17 24. Rb5 Na7) 24. Rb5 $11 {[%cal Bb7b5,Bb5c5,Bc5c7,Bc7d7][%mdl 32]} Bd7 25. Rc5 Qe7 26. Rc7 Qxg5 27. Rxd7 Qe5 28. Qb3 {Precision: White = 53%, Black = 43%.} (28. Re1 $14) 1/2-1/2

[Event "EYCC Open U16 2018"]
[Site "Riga"]
[Date "2018.08.23"]
[Round "4"]
[White "Guerra Rivera, Salvador"]
[Black "Orfini, Nicolo"]
[Result "1-0"]
[WhiteElo "2358"]
[BlackElo "2157"]
[Annotator "TA"]
[PlyCount "59"]
[EventDate "2018.08.20"]
[EventType "swiss"]
[EventCountry "LAT"]
[SourceTitle "playchess.com"]
[Source "ChessBase"]
[SourceQuality "1"]

{[%evp 21,59,60,72,49,54,37,35,32,30,30,52,54,75,77,79,78,85,54,71,48,101,87,118,104,106,84,106,112,158,127,168,179,175,170,446,436,423,425,581,552]} 1. Nf3 Nf6 2. g3 g6 3. b3 Bg7 4. Bb2 d6 5. d4 Nbd7 6. Bg2 O-O 7. O-O e5 8. dxe5 Ng4 9. Nc3 Ngxe5 10. Nxe5 Nxe5 11. Qd2 Nc6 12. Rab1 {A49: 1 d4 Nf6 2 Nf3 g6 3 g3: Anti-King's Indian systems} Be6 $146 ({Predecessor:} 12... Re8 13. Nd5 Bxb2 14. Rxb2 Be6 15. c4 Bxd5 16. cxd5 Ne5 17. Rc2 Qd7 18. Rfc1 Rac8 19. h3 Qd8 {1-0 (43) Fressinet,L (2672)-Kilpatrick,C (2348) London 2016}) 13. Nd5 Bxb2 14. Rxb2 {White is slightly better.} Bxd5 15. Bxd5 Qc8 16. c4 Ne7 17. Bg2 a6 18. Rd1 Rb8 19. a4 Qe6 20. Qc3 f5 ({Black should play} 20... Nc6 $14) 21. e3 Rfd8 22. Rbd2 {[%cal Bb2d2,Bd2d4,Bd4f4,Bf4f3][%mdl 32]} Rd7 23. Rd4 b6 24. Qd2 Rbd8 25. e4 Qf6 26. exf5 Nxf5 27. Rf4 {And now g4 would win.} g5 $2 {[#]} (27... h5 28. a5 bxa5 29. Qxa5 Re7) 28. Bd5+ $18 {White is clearly winning.} Kg7 29. Rf3 Qg6 {Now ...Re7 and Black clings on.} 30. Qc3+ {Precision: White = 75%, Black = 26%.} 1-0

[Event "EYCC Open U16 2018"]
[Site "Riga"]
[Date "2018.08.23"]
[Round "4"]
[White "Oboladze, Luka"]
[Black "Remizov, Yaroslav"]
[Result "0-1"]
[WhiteElo "2349"]
[BlackElo "2317"]
[Annotator "TA"]
[PlyCount "102"]
[EventDate "2018.08.20"]
[EventType "swiss"]
[EventCountry "LAT"]
[SourceTitle "playchess.com"]
[Source "ChessBase"]
[SourceQuality "1"]

{[%evp 20,102,21,16,21,30,35,17,6,14,16,0,22,0,0,0,0,-42,-14,-9,-18,-11,-15,-108,-103,-103,-106,-111,0,0,0,0,0,0,2,0,0,2,0,-135,-135,-135,-125,-149,-126,-208,-202,-215,-215,-215,-215,-267,-35,-229,-152,-164,-90,-792,-785,-29970,-29971,-29971,-29973,-29977,-29978,-29978,-29979,-29979,-29980,-29980,-29981,-29981,-29982,-29982,-29983,-29983,-29984,-29984,-29985,-29985,-29985,-29985,-29986,-29986,-29987]} 1. d4 d5 2. c4 e6 3. Nf3 c6 4. e3 Nf6 5. Bd3 Nbd7 6. b3 b6 7. O-O Bb7 8. Bb2 Be7 9. Nbd2 O-O 10. Rc1 c5 11. Qe2 {LiveBook: 19 Games} cxd4 {D30: Queen's Gambit Declined: Systems without Nc3} (11... Rc8 12. Rfd1 cxd4 13. Nxd4 Bd6 14. cxd5 Rxc1 15. Rxc1 Nxd5 16. Ne4 Be7 17. Ba6 Qa8 18. Bxb7 Qxb7 19. Nc6 Rc8 20. Qg4 {1-0 (31) Vidit,S (2689)-Gholami,A (2422) Doha 2016}) 12. Nxd4 Nc5 13. Bb1 dxc4 {The position is equal.} 14. Nxc4 Qd5 {[%csl Gb7][%cal Rd5g2]} 15. f3 Rfd8 16. Rfd1 Qh5 17. e4 $146 ({Predecessor:} 17. Qf2 Nd5 18. Ne2 Bh4 19. Ng3 {0-1 (42) Bakker,S (2237)-Houska,J (2364) Fuegen 2006}) 17... Rac8 18. Qe3 {[#]} (18. Qf2 {feels hotter.} Ne8 19. Ne2 Bg5 20. Ne3 Qh6 21. Ng4) 18... Ncxe4 $1 {[%mdl 512]} 19. Bxe4 Bxe4 20. fxe4 {Threatens to win with Qf3.} e5 $1 {[%cal Re5d4]} 21. Nxe5 (21. Nf3 $2 Rxd1+ 22. Rxd1 Bc5 $19) (21. Qf3 $11 {keeps the balance.} exd4 22. Bxd4) 21... Rxc1 $17 ({And not} 21... Qxe5 22. Rxc8 Rxc8 23. Nf5 $14) 22. Rxc1 Qxe5 23. Nc6 Bc5 (23... Qxb2 $17 24. Nxe7+ Kf8) 24. Bxe5 $11 Bxe3+ 25. Kf1 {Hoping for Re1.} Bxc1 26. Nxd8 Nxe4 {[%mdl 4096] Endgame KBN-KBN} 27. Nc6 a6 28. Nb8 Nc5 29. Bd4 (29. Bd6 $11 {remains equal.}) 29... Bf4 $1 $17 {[%cal Rf4b8]} 30. Bxc5 Bxb8 ({Inferior is} 30... bxc5 31. Nxa6 Kf8 32. Nxc5 $16) 31. Bxb6 Bxh2 {KB-KB} 32. Kf2 (32. Ke2 $17) 32... Bd6 $1 $19 33. Ke3 Kf8 34. Ke4 Ke7 35. Kd5 f5 $2 (35... h5 $1 $19 36. Bd8+ Kd7) 36. Kc6 $2 ({White should try} 36. Be3 $15) 36... Bb4 37. a4 a5 (37... g5 $1 $19 38. Kd5 Bd6) 38. Kb5 $2 {[%mdl 8192]} (38. Kd5 $17) 38... f4 39. Bxa5 Bxa5 {Black mates.} 40. Kxa5 {K3P-K3P} g5 $1 {[%cal Rg5g4]} 41. Kb6 {[#]} g4 $1 42. a5 f3 43. gxf3 {K3P-KPP} g3 44. a6 g2 45. a7 g1=Q+ 46. Kb7 Qe3 ({Weaker is} 46... Qg8 47. a8=Q $17) 47. a8=Q Qxf3+ 48. Ka7 Qxa8+ 49. Kxa8 Kd6 50. b4 {[#]} Kc6 $1 51. Ka7 Kb5 {Precision: White = 32%, Black = 66%.} 0-1

[Event "EYCC Open U16 2018"]
[Site "Riga"]
[Date "2018.08.23"]
[Round "4"]
[White "Sorensen, Hampus"]
[Black "Zarubitski, Viachaslau"]
[Result "1/2-1/2"]
[WhiteElo "2267"]
[BlackElo "2416"]
[Annotator "TA"]
[PlyCount "88"]
[EventDate "2018.08.20"]
[EventType "swiss"]
[EventCountry "LAT"]
[SourceTitle "playchess.com"]
[Source "ChessBase"]
[SourceQuality "1"]

{[%evp 27,88,12,19,9,21,-18,-18,-18,-16,-16,-9,-17,-17,-16,-23,-11,-20,-17,-15,-24,-16,-11,-7,-9,-7,-6,-10,-29,-14,-14,0,0,0,-4,0,0,8,12,0,7,9,9,9,8,3,0,0,0,0,0,0,0,0,0,0,0,0,0,0,0,0,0,0]} 1. d4 Nf6 2. c4 e6 3. Nf3 b6 4. a3 Bb7 5. Nc3 d5 6. cxd5 Nxd5 7. Qc2 Be7 8. e4 Nxc3 9. bxc3 O-O 10. Bd3 c5 11. O-O Nc6 12. d5 {E12: Damenindisch (Petrosjan-System und 4. oder 5.Lg5)} (12. Bb2 Rc8 13. Qe2 Na5 14. Rad1 Bc6 15. d5 Ba4 16. Bc2 Bxc2 17. Qxc2 exd5 18. Rxd5 Qc7 19. c4 Rfe8 20. Qc3 Bf8 21. Re1 {½-½ (34) Mihajlov,S (2386)-Urkedal,F (2563) Fagernes 2018}) 12... exd5 13. exd5 Qxd5 14. Bxh7+ Kh8 {[#] LiveBook: 5 Partien. Droht stark ...g6.} 15. Be4 Qh5 16. c4 $146 ({Vorgänger:} 16. Qa4 Rac8 17. Rd1 f5 18. Bd5 Rfd8 19. Bf4 Bf6 {1-0 (28) Hernando Rodrigo,J (2270)-Rahal,M (2385) Barbera del Valles 1997}) 16... Bf6 17. Bb2 Bxb2 18. Qxb2 Rfe8 19. Rfe1 Rxe4 20. Rxe4 Nd4 $1 {[%cal Rd4f3]} 21. Rxd4 $1 cxd4 22. Nxd4 Rd8 {[#] Und ...Dg4 würde nun gewinnen.} 23. Ne2 Qg6 {[%csl Gb7][%cal Rg6g2]} 24. Ng3 Qc6 {[%csl Gb7][%cal Rc6g2]} 25. f3 Qxc4 26. Re1 Qc5+ 27. Kh1 b5 (27... Kg8 {with more complications.} 28. h4 Rd3 29. Qb4 Qxb4 30. axb4 Rd4) 28. h3 {Die Stellung ist ausgeglichen.} a6 29. Qb4 Qxb4 30. axb4 $11 {[%mdl 4096] Endspiel KTL-KTS} Rd4 31. Re7 Bd5 32. Rd7 Rd1+ 33. Kh2 Bxf3 $1 34. Rxf7 Bd5 35. Rd7 Rd2 36. Ne4 Re2 $1 37. Rxd5 Rxe4 {KT-KT} 38. Rd6 Rxb4 {Weiss muss nun ...a5 beachten.} 39. Rxa6 Rb3 40. Rb6 Kg8 41. Rb7 Kh7 42. h4 Kg6 43. g3 Rb1 44. Kh3 Rb4 {Precision: Weiß = 84%, Schwarz = 79%.} 1/2-1/2

[Event "EYCC Open U16 2018"]
[Site "Riga"]
[Date "2018.08.23"]
[Round "4"]
[White "Stefansson, Vignir Vatnar"]
[Black "Salemgareev, Tagir"]
[Result "1/2-1/2"]
[WhiteElo "2260"]
[BlackElo "2375"]
[Annotator "TA"]
[PlyCount "56"]
[EventDate "2018.08.20"]
[EventType "swiss"]
[EventCountry "LAT"]
[SourceTitle "playchess.com"]
[Source "ChessBase"]
[SourceQuality "1"]

{[%evp 20,56,0,0,0,-31,20,19,39,38,39,0,0,2,12,16,20,13,16,11,8,13,33,5,32,9,20,0,0,0,1,0,0,0,15,0,1,0,13]} 1. d4 Nf6 2. Nf3 e6 3. Bf4 c5 4. e3 Nc6 5. c3 d5 6. Nbd2 Bd6 7. Bg3 O-O 8. Bd3 b6 9. e4 {D02: 1 d4 d5 2 Nf3 sidelines, including 2...Nf6 3 g3 and 2...Nf6 3 Bf4} Be7 10. dxc5 (10. e5 Nh5 11. Nf1 cxd4 12. Nxd4 Nxd4 13. cxd4 g6 14. Ne3 f5 15. exf6 Bxf6 16. Be2 Nxg3 17. hxg3 {½-½ (37) Nakamura,H (2787)-Svidler,P (2760) Moscow 2018}) 10... bxc5 11. O-O {LiveBook: 3 Games} Qb6 12. Qb3 $146 (12. Re1 {looks sharper.} h6 13. exd5 exd5 14. Rb1 Be6 15. h3) ({Predecessor:} 12. Qc2 c4 13. Be2 Nh5 14. exd5 exd5 15. b3 Nxg3 16. hxg3 cxb3 17. axb3 {0-1 (46) Burmakin,V (2556)-Urkedal,F (2507) Manacor 2016}) 12... Nh5 (12... c4 $15 13. Qxb6 axb6 14. exd5 exd5) 13. exd5 $11 Nxg3 14. hxg3 Qxb3 15. Nxb3 (15. axb3 {with more complications.} exd5 16. Bb5 Nb8 17. Rfe1 Be6 18. Ne5) 15... exd5 {[#] aiming for ...c4.} 16. Bb5 Nb8 17. Rfe1 Be6 $1 18. Rad1 a6 19. Ba4 Ra7 20. Ne5 Rc8 21. f4 Rb7 22. Re2 h5 {The position is equal.} 23. f5 $36 {[%mdl 2048] White has some pressure.} Bxf5 24. Rxd5 Be6 25. Rdd2 Bg5 26. Rd6 Be7 27. Rdd2 Bg5 28. Rd6 Be7 {Precision: White = 46%, Black = 44%.} 1/2-1/2

[Event "EYCC Open U16 2018"]
[Site "Riga"]
[Date "2018.08.23"]
[Round "4"]
[White "Lisnyak, Vladislav"]
[Black "Sonis, Francesco"]
[Result "0-1"]
[WhiteElo "2198"]
[BlackElo "2468"]
[Annotator "TA"]
[PlyCount "128"]
[EventDate "2018.08.20"]
[EventType "swiss"]
[EventCountry "LAT"]
[SourceTitle "playchess.com"]
[Source "ChessBase"]
[SourceQuality "1"]

{[%evp 19,128,0,0,0,0,0,8,19,7,0,0,-6,3,-35,-26,-32,-47,-33,-33,-25,-38,-37,-3,-22,-30,-19,-19,-45,-36,-51,-48,-70,-69,-67,-64,-71,-70,-53,-63,-83,-70,-72,-62,-63,-75,-71,-59,-90,-104,-95,-99,-119,-113,-109,-85,-85,-85,-85,-93,-233,-229,-207,-113,-116,-41,-35,-7,-80,-80,-80,-80,-80,-80,-80,-80,-80,-80,-81,-81,-81,-74,-93,-93,-164,-164,-371,-366,-348,-338,-354,-232,-405,-405,-397,-397,-397,-395,-331,-312,-397,-397,-1079,-817,-4137,-1877,-6566,-6053,-29979,-29980,-29978,-11605]} 1. e4 c5 2. Nf3 d6 3. d4 cxd4 4. Nxd4 Nf6 5. Nc3 a6 6. Bc4 e6 7. O-O Be7 8. Bb3 O-O 9. Be3 b5 10. f3 Bb7 {LiveBook: 8 Games. B87: Sicilian Scheveningen/Najdorf: 6 Bc4, with early ...b5} 11. Bxe6 fxe6 12. Nxe6 Qc8 {The position is equal.} 13. Nxf8 Bxf8 14. Qd2 Nbd7 15. Rac1 $146 ({Predecessor:} 15. Bd4 Qc7 16. Rfe1 Rc8 17. Re2 Ne5 18. Rae1 {0-1 (46) Tomczak,J (2447)-Volokitin,A (2678) Lublin 2009}) 15... b4 16. Nd5 Nxd5 17. exd5 Qc4 18. b3 Qb5 19. c4 bxc3 $1 20. Rxc3 Qxd5 21. Qxd5+ Bxd5 22. Rd1 Bf7 23. Rc7 Nf6 24. Kf2 Be6 25. Bd4 Nd5 26. Rb7 Bc8 27. Ra7 Rxa7 28. Bxa7 Bb7 29. a4 Nb4 30. Bb6 d5 31. Ke3 Kf7 32. Rc1 Nc6 33. Bc5 Bxc5+ 34. Rxc5 Ke6 35. f4 Kd6 36. Rc1 a5 37. g4 Ba6 38. h4 d4+ 39. Ke4 (39. Kd2 $17) 39... Be2 $19 40. h5 {[%cal Bh4h5,Bh5h6][%mdl 32]} d3 ({Black should play} 40... Bxg4 $19 41. Rh1 Be6) 41. Ke3 $17 Ne7 (41... Bxg4 $17 42. Rg1 Bxh5 43. Rxg7 Bg6) 42. h6 $1 $15 {[%cal Rh6g7]} g6 43. Rc4 (43. Kd2 $11) 43... Nd5+ $17 44. Kd2 Bxg4 45. Kxd3 Bd1 46. Rc8 Bxb3 47. Rh8 Nf6 $1 ({Worse is} 47... Bxa4 48. Rxh7 Nf6 49. Rf7 $16) ({Much worse is} 47... Nxf4+ $6 48. Kc3 $11) 48. Ra8 Bxa4 {Hoping for ...Bb5+.} 49. Rxa5 Bd7 50. Ra8 Ke6 51. Rh8 (51. Ke3 $17 {is a better defense.}) 51... Be8 $19 52. Ke2 $2 (52. Kd4) 52... Bf7 53. Rb8 {[#]} Ng8 $1 54. Rb1 Kf5 ({Not} 54... Nxh6 55. Rh1 $17) 55. Ke3 $2 (55. Ra1 {was forced.}) 55... Nxh6 56. Rb5+ Kf6 57. Ke4 Nf5 {And now ...Nd6+ would win.} 58. Rb6+ Kg7 59. Ke5 h5 {[%cal Bh7h5,Bh5h4,Bh4h3,Bh3h2][%mdl 32]} 60. Rb7 $2 (60. Ke4) 60... h4 61. Ra7 Ne3 62. Ke4 h3 63. Kxe3 {[#]} h2 $1 {[%cal Rh2h1]} 64. Ra1 Bd5 {Precision: White = 27%, Black = 77%.} 0-1

[Event "EYCC Open U16 2018"]
[Site "Riga"]
[Date "2018.08.23"]
[Round "4"]
[White "Martins, Bruno Andre Leite"]
[Black "Baenziger, Fabian"]
[Result "1/2-1/2"]
[WhiteElo "2158"]
[BlackElo "2373"]
[Annotator "TA"]
[PlyCount "66"]
[EventDate "2018.08.20"]
[EventType "swiss"]
[EventCountry "LAT"]
[SourceTitle "playchess.com"]
[Source "ChessBase"]
[SourceQuality "1"]

{[%evp 23,66,37,37,-7,28,21,26,34,25,0,30,29,32,0,24,0,41,27,43,16,33,27,29,9,14,6,22,12,29,22,22,29,21,0,0,0,0,0,0,0,0,0,0,0,11]} 1. e4 c6 2. Nc3 d5 3. Nf3 Bg4 4. h3 Bxf3 5. Qxf3 e6 6. d4 dxe4 7. Nxe4 Nf6 8. c3 Nbd7 9. Bd3 Nxe4 10. Qxe4 Nf6 11. Qe2 Bd6 {B11: Caro-Kann (Zweispringer-Variante)} 12. O-O Qc7 {LiveBook: 12 Partien} (12... O-O 13. Bd2 Qc7 14. Qf3 Rfe8 15. Rad1 Nd5 16. c4 Nf6 17. Rfe1 Rad8 18. Bc3 h6 19. a3 {½-½ (68) Kulaots,K (2556)-Riazantsev,A (2671) Tallinn 2016}) 13. c4 $146 ({Vorgänger:} 13. a4 Bh2+ 14. Kh1 Bf4 15. Bxf4 Qxf4 16. a5 O-O 17. g3 Qc7 18. Qe5 Rac8 19. Rfd1 {½-½ (42) Mihok,O (2550)-Vertetics,A (2436) Ajka 2018}) 13... Rd8 14. b3 O-O 15. Bb2 Rfe8 16. Rfe1 Bb4 17. Red1 Bd6 18. Re1 Bb4 19. Red1 h6 20. a3 Bd6 21. Re1 Rd7 22. b4 Qb8 23. Qf3 e5 24. d5 cxd5 25. cxd5 {Droht Lb5 und aus.} e4 26. Bxe4 Be5 27. Bxe5 Rxe5 28. Re3 {Die Stellung ist ausgeglichen.} Nxe4 29. Rxe4 Rexd5 30. Rae1 {[#] Schwarz muss nun Te8+ beachten.} Qd6 31. g3 Rd3 32. R4e3 Rxe3 33. Rxe3 Qd1+ {Precision: Weiß = 39%, Schwarz = 72%.} 1/2-1/2

[Event "EYCC Open U16 2018"]
[Site "Riga"]
[Date "2018.08.24"]
[Round "5"]
[White "Sonis, Francesco"]
[Black "Stefansson, Vignir Vatnar"]
[Result "1-0"]
[WhiteElo "2468"]
[BlackElo "2260"]
[Annotator "TA"]
[PlyCount "103"]
[EventDate "2018.08.20"]
[EventType "swiss"]
[EventCountry "LAT"]
[SourceTitle "playchess.com"]
[Source "ChessBase"]
[SourceQuality "1"]

{[%evp 13,103,3,3,5,15,11,59,36,36,36,28,23,34,16,100,115,176,80,158,134,210,167,313,272,243,189,200,177,171,116,133,131,130,146,133,106,202,199,320,307,306,291,270,173,178,135,130,65,130,130,131,135,129,127,230,230,222,0,140,0,197,133,135,128,199,199,252,242,259,226,268,265,416,418,471,337,340,277,948,989,998,972,786,754,718,691,985,865,785,648,29997,29998]} 1. e4 d5 2. exd5 Qxd5 3. Nf3 Bg4 4. Be2 Nc6 5. Nc3 (5. d4 O-O-O 6. c4 Qh5 7. Be3 e5 8. d5 e4 9. Nd4 Ne5 10. Bxg4+ Nxg4 11. h3 N8f6 12. Nc3 Nxe3 13. fxe3 Qh4+ 14. Kd2 Bc5 {1-0 (68) Tomashevsky,E (2728)-Fressinet,L (2700) Huaian 2016}) 5... Qd7 6. h3 {B01: Scandinavian Defence} Bxf3 7. Bxf3 O-O-O {LiveBook: 4 Games} 8. d3 {The position is equal.} Nd4 $146 ({Predecessor:} 8... e5 9. Be3 Nd4 10. a4 c6 11. O-O f5 12. a5 Nf6 {1-0 (22) Hueneburg,C (2210)-Nugel,K Germany 1998}) 9. O-O c6 10. a4 e5 11. a5 f5 12. Na4 Nf6 13. Be3 f4 (13... Rg8 $11 {remains equal.}) 14. Bxd4 $1 $16 exd4 {[#]} (14... Qxd4 $16 15. Qe2 Kc7) 15. Re1 (15. c4 $1 $18 {and White stays clearly on top.}) 15... Bd6 (15... h5 $142) 16. c3 Kb8 (16... Rhe8 $16 {was called for.}) 17. Qb3 g5 (17... a6 {keeps fighting.} 18. Nb6 (18. cxd4 Rhe8 $16) 18... Qf5) 18. a6 ({Don't take} 18. cxd4 $6 Rhe8 $16) 18... Rhe8 19. cxd4 h5 20. Rxe8 Rxe8 21. Qxb7+ Qxb7 22. axb7 Kxb7 23. Rc1 Rc8 24. Re1 {Threatens to win with Re6.} Rf8 (24... Re8 $16 25. Rxe8 Nxe8) 25. Nc5+ $18 Kc8 (25... Kb6 $142 26. Re6 Kc7) 26. Bxc6 g4 27. hxg4 hxg4 28. Ne4 Bc7 29. Nxf6 Rxf6 {[%mdl 4096] Endgame KRB-KRB} 30. Re8+ Bd8 31. d5 Rg6 32. Rf8 f3 33. b4 Kc7 (33... a6 $16 {is a better defense.} 34. g3 (34. gxf3 gxf3+ 35. Kf1 Rf6 $16) 34... Rg7) 34. Rf7+ ({Don't play} 34. gxf3 $6 gxf3+ 35. Kf1 Rf6 $16) 34... Kc8 35. Rf8 Kc7 36. Rf7+ (36. b5 $16) 36... Kc8 $1 37. gxf3 (37. Rxa7 $18 {Hoping for Ra6.} Bb6 38. Ra8+ Kc7 39. g3) 37... gxf3+ $16 38. Kf1 Bb6 (38... a6 $16 39. Rxf3 Rf6) 39. Rxf3 $18 Kc7 (39... Bd8 $142 40. Rf8 Rf6) 40. Rf4 Kd6 41. Ke2 Rh6 42. b5 Rh2 (42... Ke7 {was worth a try.} 43. d4 Bd8) 43. d4 Rh6 44. Kd3 {Intending Rf7 and mate.} Ke7 45. Re4+ Kd6 $2 (45... Kf7 46. f4 Rf6 47. Be8+ Kf8) 46. Kc4 Rf6 47. f4 Bd8 48. Re8 Bb6 {[#]} 49. f5 $1 Bc7 (49... Rxf5 50. Re6+) 50. Kd3 Bb6 51. Rh8 {Rh7 would kill now.} Bc7 52. Rh7 {Precision: White = 66%, Black = 33%.} 1-0